Sports Quiz

Random Sports or NHL Quiz

NHL Franchise Points Leaders Quiz Stats

 Plays Quiz Updated Jul 18, 2017

Also try: NHL Original Six
Challenge
Share
Tweet
Embed
Score 0/31 Timer 07:00
12 Plays Today
Team Player % Correct
Edmonton OilersWayne Gretzky
95%
Pittsburgh PenguinsMario Lemieux
81.8%
Detroit Red WingsGordie Howe
77.6%
Colorado AvalancheJoe Sakic
77.6%
Anaheim DucksTeemu Selanne
76.8%
Dallas StarsMike Modano
75.3%
Vegas Golden KnightsWilliam Karlsson
67.3%
Toronto Maple LeafsMats Sundin
60.5%
Ottawa SenatorsDaniel Alfredsson
59.7%
Calgary FlamesJarome Iginla
59.5%
Winnipeg JetsIlya Kovalchuk
57.9%
Tampa Bay LightningMartin St. Louis
57.6%
Minnesota WildMikko Koivu
56.5%
Carolina HurricanesRon Francis
53.7%
Montreal CanadiensGuy Lafleur
52.1%
Columbus Blue JacketsRick Nash
51.7%
Team Player % Correct
San Jose SharksPatrick Marleau
51.2%
Philadelphia FlyersBobby Clarke
49.9%
Vancouver CanucksHenrik Sedin
49.9%
Boston BruinsRay Bourque
49.1%
Chicago BlackhawksStan Mikita
47.4%
New York IslandersBryan Trottier
44.7%
Los Angeles KingsMarcel Dionne
44.4%
Washington CapitalsAlex Ovechkin
41.3%
New Jersey DevilsPatrik Elias
39.6%
Florida PanthersOlli Jokinen
35.8%
Arizona CoyotesShane Doan
32.5%
Buffalo SabresGilbert Perreault
31.9%
Nashville PredatorsDavid Legwand
31.9%
St. Louis BluesBernie Federko
18%
New York RangersRod Gilbert
17.6%

You're not logged in!

Compare scores with friends on all Sporcle quizzes.
OR
Log In

You Might Also Like...

Show Comments

Extras

Top Quizzes Today


Score Distribution

Your Account Isn't Verified!

In order to create a playlist on Sporcle, you need to verify the email address you used during registration. Go to your Sporcle Settings to finish the process.

Report this User

Report this user for behavior that violates our Community Guidelines.

Details: